Report of the second AD HOC meeting of intergovernmental organizations on work programmes related to subsidies in fisheries

সংরক্ষণ করুন:
গ্রন্থ-পঞ্জীর বিবরন
প্রধান লেখক: FAO
বিন্যাস: গ্রন্থ
ভাষা:Undetermined
প্রকাশিত: FAO 2002
বিষয়গুলি:
ট্যাগগুলো: ট্যাগ যুক্ত করুন
কোনো ট্যাগ নেই, প্রথমজন হিসাবে ট্যাগ করুন!
Thư viện lưu trữ: Trung tâm Học liệu Trường Đại học Cần Thơ
LEADER 00459nam a2200145Ia 4500
001 CTU_52867
008 210402s9999 xx 000 0 und d
082 |a 639 
082 |b R425/No.688 
100 |a FAO 
245 0 |a Report of the second AD HOC meeting of intergovernmental organizations on work programmes related to subsidies in fisheries 
260 |b FAO 
260 |c 2002 
650 |a fisheries 
980 |a Trung tâm Học liệu Trường Đại học Cần Thơ